| 000 | 00664nam a22001937a 4500 | ||
|---|---|---|---|
| 999 |
_c16297 _d16297 |
||
| 003 | AR-CdUCM | ||
| 008 | 190503b ||||| |||| 00| 0 spa d | ||
| 040 |
_aMUNICIPALIDAD PROVINCIAL DEL CUSCO _cBIBLIOTECA MUNICIPAL DEL CUSCO |
||
| 082 |
_aC / 498.61 / _bCH21 |
||
| 100 |
_aChaparro, Carmelo _928798 |
||
| 245 | _aGramática pedagógica del quechua Cusqueño / | ||
| 260 |
_aLima : _bSagsa, _c1984. |
||
| 300 |
_a216 páginas ; _c21 cm. |
||
| 505 | _aNapaykuyki -- Noqanchis -- Purinchis -- Wasi -- Tusurqanchis -- Wallpa -- Yapusunchis -- Antuka... | ||
| 650 |
_aQuechua. _92063 |
||
| 650 |
_aGramatica quechua. _911209 |
||
| 942 |
_2ddc _cLIBROS |
||
| 945 | _awfj | ||